| 000 | 01328nam a2200313 i 4500 | ||
|---|---|---|---|
| 001 | 72305 | ||
| 003 | ES-MaACL | ||
| 005 | 20250717094521.0 | ||
| 007 | t| | ||
| 008 | 040830m19741979sp adfo |||| | spa d | ||
| 080 | _a618.1(075.8) | ||
| 080 | _a618.2(075.8) | ||
| 245 | 0 | 0 |
_aGinecología y obstetricia _b: fundamentos, patología, profilaxis, diagnósticos, terapeútica / _cO. Käser ... [et al.] ; traducción revisada por el Dr. José M.ª Carrera Maciá. |
| 246 | 3 | _aEmbarazo y parto | |
| 260 |
_aBarcelona : _bSalvat, _c[1974-1979] |
||
| 300 |
_a3 v. (h. de lám., alguna pleg.) : _bil., fot., gráf. ; _c26 cm. |
||
| 500 | _aÍndices. | ||
| 504 | _aReferencias bibliográficas. | ||
| 505 | 8 |
_aContiene: t. I ; _tLas funciones sexuales específicas de la mujer y sus transtornos / _rF. Bahner... [et al.] (XV, 910 p.) - t. II. -- _tEmbarazo y parto / _rpor L. Beck... [et al.] (XIX, 1049 p.) - t. III. -- _tGinecología especial / _rpor F.W. Ahnefeld... [et al.] (XVI, 1106 p.) |
|
| 650 | 0 | 4 |
_aGinecología. _913119 |
| 650 | 7 |
_aObstetricia _2embne _915676 |
|
| 700 | 1 |
_aKäser, Otto. _9161478 |
|
| 700 | 1 |
_aCarrera Maciá, José María. _935639 |
|
| 700 | 1 |
_aBahner, F. _924667 |
|
| 700 | 1 |
_aBeck, L. _926926 |
|
| 852 |
_aES-MaACL _jA-10718-20 |
||
| 852 |
_aES-MaACL _jA-10829-31 |
||
| 999 |
_c72305 _d72305 |
||